| 000 | 00551nam a2200169 a 4500 | ||
|---|---|---|---|
| 001 | 000040688 | ||
| 005 | 20201002034315.0 | ||
| 008 | 130905s2009 sp 000 0 spa d | ||
| 020 | _a9788437606750 | ||
| 040 |
_aDO-SdBNP _bspa _cBNPHU |
||
| 100 | 1 |
_aQueneau, Raymond _952626 |
|
| 245 | 1 | 0 |
_aEjercicios de Estilo : _bVersión y estudio introductorio de Antonio Fernández Ferrer / _cRaymond Queneau. |
| 250 | _a13a ed. | ||
| 260 |
_aMadrid : _bEdiciones Cátedra, _c2009. |
||
| 300 |
_a162 p. ; _c22 cm. |
||
| 500 | _aIncluye notas al pie de las páginas | ||
| 999 |
_c40178 _d40178 |
||